Normal view MARC view
  • Jacobs,Dillard

Entry Personal Name

Number of records used in: 1

001 - CONTROL NUMBER

  • control field: 100638

003 - CONTROL NUMBER IDENTIFIER

  • control field: NUST

005 - DATE AND TIME OF LATEST TRANSACTION

  • control field: 20221018143230.0

008 - FIXED-LENGTH DATA ELEMENTS

  • fixed length control field: 221018|| aca||aabn | a|a d

040 ## - CATALOGING SOURCE

  • Original cataloging agency: NUST
  • Transcribing agency: NUST

100 ## - HEADING--PERSONAL NAME

  • Personal name: Jacobs,Dillard

670 ## - SOURCE DATA FOUND

  • Source citation: Work cat.: (NUST)182334: Jacobs,Dillard, 10 Years :, 1975
© 2023 Central Library, National University of Sciences and Technology. All Rights Reserved.